Redistribution with growth : (Record no. 58677)
[ view plain ]
| 000 -LEADER | |
|---|---|
| fixed length control field | 01421nam a2200349 a 4500 |
| 001 - CONTROL NUMBER | |
| control field | 58677 |
| 003 - CONTROL NUMBER IDENTIFIER | |
| rucl marc code | BD-RJUL |
| 005 - DATE AND TIME OF LATEST TRANSACTION | |
| control field | 20211209080639.0 |
| 008 - FIXED-LENGTH DATA ELEMENTS--GENERAL INFORMATION | |
| fixed length control field | 161219s1974 enka 000 0 eng d |
| 020 ## - INTERNATIONAL STANDARD BOOK NUMBER | |
| International Standard Book Number | 0199200696 |
| International Standard Book Number | 019920070X (pbk.) |
| 035 ## - SYSTEM CONTROL NUMBER | |
| System control number | BD-RjUL58801 |
| 040 ## - CATALOGING SOURCE | |
| Original cataloging agency | BD-RjUL |
| Language of cataloging | eng |
| Transcribing agency | BD-RjUL |
| 041 ## - LANGUAGE CODE | |
| Language code of text/sound track or separate title | eng |
| 082 ## - DEWEY DECIMAL CLASSIFICATION NUMBER | |
| Classification number | 339.2091724 |
| Edition number | 18 |
| Author mark and year | RED 1974 |
| 245 00 - TITLE STATEMENT | |
| Title | Redistribution with growth : |
| Remainder of title | policies to improve income distribution in developing countries in the context of economic growth / |
| Statement of responsibility, etc. | by Hollis Chenery, Montek S. Ahluwalia, C.L.G. Bell, John H. Duloy, Richard Jolly. |
| 260 ## - PUBLICATION, DISTRIBUTION, ETC. (IMPRINT) | |
| Place of publication, distribution, etc. | Oxford University Press : |
| Name of publisher, distributor, etc. | London, |
| Date of publication, distribution, etc. | 1974. |
| 300 ## - PHYSICAL DESCRIPTION | |
| Pagination | xx, 304 p. : |
| Illustrations | ill. ; |
| Size | 25 cm. |
| 500 ## - GENERAL NOTE | |
| General note | "A joint study by the World Bank's Development Research Center and the Institute of Development Studies, University of Sussex." |
| 504 ## - BIBLIOGRAPHY, ETC. NOTE | |
| Bibliography, etc | Bibliography: p.291-304. |
| 650 #0 - SUBJECT ADDED ENTRY--TOPICAL TERM | |
| Topical term or geographic name as entry element | Income distribution |
| General subdivision | Developing countries |
| -- | Congresses. |
| 9 (RLIN) | 174395 |
| 651 #0 - SUBJECT ADDED ENTRY--GEOGRAPHIC NAME | |
| Geographic name | Developing countries |
| General subdivision | Economic policy |
| -- | Congresses |
| 9 (RLIN) | 174396 |
| 700 1# - ADDED ENTRY--PERSONAL NAME | |
| Personal name | Chenery, Hollis Burnley. |
| Personal name | Ahluwalia, Montek S. |
| Personal name | Bell, C.L.G. |
| Personal name | Duloy, John H., |
| Dates associated with a name | 1932- |
| Personal name | Jolly, Richard. |
| 710 2# - ADDED ENTRY--CORPORATE NAME | |
| Corporate name or jurisdiction name as entry element | Institute of Development Studies (Brighton, England) |
| 9 (RLIN) | 174402 |
| Corporate name or jurisdiction name as entry element | World Bank. |
| 9 (RLIN) | 171728 |
| 942 ## - ADDED ENTRY ELEMENTS (KOHA) | |
| Source of classification or shelving scheme | Dewey Decimal Classification |
| Koha item type | Books |
| Lost status | Source of classification or shelving scheme | Damaged status | Not for loan | Collection code | Permanent Location | Current Location | Shelving location | Date acquired | Source of acquisition | Total Checkouts | Full call number | Date last seen | Copy number | Koha item type |
|---|---|---|---|---|---|---|---|---|---|---|---|---|---|---|
| Dewey Decimal Classification | Not For Loan | Non-fiction | Central Library, University of Rajshahi | Central Library, University of Rajshahi | Reading Room | 23/06/1970 | Warsi book center | 339.2091724 RED 1974 | 19/12/2016 | C-1 | Books |